000 00709nam a2200253Ia 4500
003 OSt
005 20220918164748.0
006 a|||||r|||| 00| 0
007 ta
008 220917b |||||||| |||| 00| 0 eng d
020 _a0745625819 (hbk)
024 _a177,063
037 _cTextual
040 _aARTS
_cARTS
_beng
041 _2eng
_aeng
082 _aWw55,N43, P0 (SC)
100 _aLafontaine Oskar
_920523
245 0 _aHeat beats on the left translated by Ronald Taylor
260 _aCambridge
_bPolity Press
_c2000
300 _axiv, 219p.
_ccm.
650 _aPOLITICAL SCIENCE
942 _hWw55,N43, P0 (SC)
_cTEXL
_2CC
999 _c126393
_d126393